Predmet a rozsah dokazovania insolvenčných trestných činov

Analýza legálnej definície predmetu dokazovania v trestnom konaní. Špecifiká predmetu a rozsahu dokazovania insolvenčných trestných činov. Nové vedecké poznatky v teórii dokazovania trestného práva.

Gespeichert in:
Bibliographische Detailangaben
1. Verfasser: Burda, Eduard
Format: Buchkapitel
Sprache:Slowakisch
Schlagworte:
Tags: Tag hinzufügen
Keine Tags, Fügen Sie das erste Tag hinzu!

MARC

LEADER 00000naa a2200000 4500
001 0278837
005 20211001091254.2
041 0 |a slo 
044 |a SK 
245 1 0 |a Predmet a rozsah dokazovania insolvenčných trestných činov  |c Eduard Burda 
520 |a Analýza legálnej definície predmetu dokazovania v trestnom konaní. Špecifiká predmetu a rozsahu dokazovania insolvenčných trestných činov. Nové vedecké poznatky v teórii dokazovania trestného práva. 
610 2 0 |a právo trestné 
610 2 0 |a činy trestné 
610 2 0 |a insolventnosť 
610 2 0 |a zákony 
610 2 0 |a Slovensko 
100 1 |a Burda, Eduard